Microsoft mastering. Distributed application design and developement using Microsoft Visual Studio 6 : interactive training
Αποθηκεύτηκε σε:
| Συγγραφή απο Οργανισμό/Αρχή: | |
|---|---|
| Μορφή: | Ηλεκτρονική πηγή |
| Γλώσσα: | English |
| Δημοσίευση: |
Redmond, WA. :
Microsoft Press,
c1998
|
| Θέματα: | |
| Ετικέτες: |
Προσθήκη ετικέτας
Δεν υπάρχουν, Καταχωρήστε ετικέτα πρώτοι!
|
MARC
| LEADER | 00000nmm a2200000 i 4500 | ||
|---|---|---|---|
| 001 | 1/12772 | ||
| 008 | 001018s1998 us eng d | ||
| 035 | |l 10064336 | ||
| 040 | |a GR-MY-UA |b gre |e aacr | ||
| 041 | 0 | |a eng | |
| 082 | 0 | |a 005.268 | |
| 245 | 1 | 0 | |a Microsoft mastering. Distributed application design and developement using Microsoft Visual Studio 6 : |h [computer file] / |b interactive training |c Microsoft Corporation |
| 260 | |a Redmond, WA. : |b Microsoft Press, |c c1998 | ||
| 300 | |a 1 computer laser optical disc ; |c 4 3/4 in. | ||
| 538 | |a System requirements: PC with a 486/66MHz or higher processor (Pentium or higher processor recomended); Microsoft windows 95 or later operating system version 4.0 or later; 24 MB of RAM for windows 95 (32 MB or higher recomended) 24 MB for windows NT 4.0 (32 MB or more recomended); 12 MB of available hard-disk space required for installation; Microsoft inter net explorer 4.01 service pack 1 or later; CD-ROM drive; VGA or higher-resolution monitor (Super VGA recomended); Audio board with speakers or head phones recomended; Internet connection through a modem or proxy server recomended. | ||
| 630 | 0 | 0 | |a Microsoft Visual Studio. |
| 650 | 0 | 0 | |a Computer software |x Development. |
| 650 | 0 | 0 | |a Web site development. |
| 710 | 2 | |a Microsoft Corporation. | |
| 852 | |a INST |b SAMOS |c AV |e 20001018 |h 005.268 MIC |p 005300018898 |q 005300018898 |t CDROM |y 23 | ||
| 901 | |a BIBL3-2000-2 | ||
| 909 | |a Σ |b 079621 | ||
| 922 | |a 3ΕΛΗ |b 200009 |c ΤΠΕΣ |d ΠΑΠΑΣΩΤΗΡΙΟΥ | ||
| 970 | |a ΠΟΥΡΝΑΡΑΣ |b ΔΗΜΗΤΡΗΣ |z 2000/10/18 | ||